Kyberšikana : průvodce novým fenoménem / Alena Černá (ed.) ; Lenka Dědková ... [et al.]
Kniha představuje relativně nový společenský jev, jemuž se v současnosti dostává velké pozornosti ve školství, v médiích i v akademickém světě. Čtenář se seznámí s jevy, které s kyberšikanou souvisejí (agrese a agresivní chování), s rozdíly oproti tradiční (školní) šikaně a s tím, jak je tato nová forma šikany formována specifickým charakterem online prostředí. Prostor je věnován i kyberšikaně v českém a světovém kontextu a jejímu mediálnímu obrazu. Podrobně jsou představeny charakteristiky jejích aktérů – obětí, agresorů i přihlížejících. Pozornost je upřena též na možné dopady kyberšikany a na způsoby, jakými se s ní její oběti vyrovnávají. Závěrečná část knihy je zaměřena na možnosti prevence a zvládání tohoto jevu na individuální, rodinné a institucionální rovině.
Record details
- ISBN: 978-80-247-4577-0 (brož.) :
- Physical Description: 150 s.
- Edition: Vyd. 1.
- Publisher: Praha : Grada, 2013
Content descriptions
| General Note: | Terminologický slovník |
| Bibliography, etc. Note: | Obsahuje bibliograii a rejstřík |
Search for related items by subject
| Subject: | kyberšikana agresivita šikana děti a mládež prevence (sociální problémy) |
Search for related items by series
Available copies
- 2 of 2 copies available at Common Catalog SPOK.
Holds
- 0 current holds with 2 total copies.
Show Only Available Copies
| Location | Call Number / Copy Notes | Barcode | Shelving Location | Status | Due Date |
|---|---|---|---|---|---|
| Jabok Library | SPr-3.7.5 | 424480034435 | Odborná literatura | Available | - |
| Jabok Library | SPr-3.7.5/Č | 424480043703 | Odborná literatura | Available | - |
Electronic resources
Version of Resource: Obsah
| LDR | 02080nam a2200361 4500 | ||
|---|---|---|---|
| 001 | 18113 | ||
| 003 | CZ-PrJAB | ||
| 005 | 20150407084536.0 | ||
| 007 | ta | ||
| 008 | 131120s2013 xr |||||||||||||||||cze d | ||
| 020 | . | ‡a978-80-247-4577-0 (brož.) : ‡c239.00 Kč | |
| 035 | . | ‡a(CZ PrSKC)KN3118000099026514 | |
| 040 | . | ‡aKMG001 ‡bcze | |
| 072 | 7. | ‡a364 ‡xSociální problémy vyžadující podporu a pomoc. Sociální zabezpečení ‡2Konspekt ‡918 | |
| 080 | . | ‡a364.6 | |
| 080 | . | ‡a004 | |
| 100 | 1 | . | ‡aČerná, Alena ‡7xx0146874 ‡4aut |
| 245 | 1 | 0. | ‡aKyberšikana : ‡bprůvodce novým fenoménem / ‡cAlena Černá (ed.) ; Lenka Dědková ... [et al.] |
| 246 | 3 | 3. | ‡aPrůvodce novým fenoménem |
| 250 | . | ‡aVyd. 1. | |
| 260 | . | ‡aPraha : ‡bGrada, ‡c2013 | |
| 300 | . | ‡a150 s. | |
| 490 | 1 | . | ‡aPsyché |
| 500 | . | ‡aTerminologický slovník | |
| 504 | . | ‡aObsahuje bibliograii a rejstřík | |
| 520 | 2 | . | ‡aKniha představuje relativně nový společenský jev, jemuž se v současnosti dostává velké pozornosti ve školství, v médiích i v akademickém světě. Čtenář se seznámí s jevy, které s kyberšikanou souvisejí (agrese a agresivní chování), s rozdíly oproti tradiční (školní) šikaně a s tím, jak je tato nová forma šikany formována specifickým charakterem online prostředí. Prostor je věnován i kyberšikaně v českém a světovém kontextu a jejímu mediálnímu obrazu. Podrobně jsou představeny charakteristiky jejích aktérů – obětí, agresorů i přihlížejících. Pozornost je upřena též na možné dopady kyberšikany a na způsoby, jakými se s ní její oběti vyrovnávají. Závěrečná část knihy je zaměřena na možnosti prevence a zvládání tohoto jevu na individuální, rodinné a institucionální rovině. |
| 650 | 0 | 7. | ‡akyberšikana ‡7ph648379 ‡2czenas |
| 650 | 0 | 7. | ‡aagresivita ‡7ph114007 ‡2czenas |
| 650 | 0 | 7. | ‡ašikana ‡7ph120093 ‡2czenas |
| 650 | 0 | 7. | ‡aděti a mládež ‡7ph119707 ‡2czenas |
| 650 | 0 | 7. | ‡aprevence (sociální problémy) ‡7ph138923 ‡2czenas |
| 830 | 0. | ‡aPsyché (Grada) | |
| 856 | 4 | 1. | ‡uhttp://www.obalkyknih.cz/file/toc/73558/pdf ‡yObsah |
| 910 | . | ‡aABG312 | |
| 901 | . | ‡a18113 ‡b ‡c18113 ‡tbiblio | |